000 00568nam a2200229 a 4500
001 nice12345678
003 IN_TiNIC
005 20260116015047.0
008 050524s1991 muma grp 000 0 eng
020 _a8172249
_c125
082 0 0 _a291.561
_bKAM
100 _aKamath, M V
245 _aSai Baba of Shirdi
_b a Unique Saint.
260 _aMumbai
_bJaico Pub.House
_c1991
300 _a328p
500 _aincludes index and biblioraphy
505 2 _aIndex
650 _aHindu Saints-Sai Baba
902 _bSRS
942 _cBK
999 _c18149
_d18149